US States: Highest Physician to Total Population Ratio - Statistics

General Stats
  • This quiz has been taken 13 times
  • The average score is 8 of 9
Answer Stats
Ratio Answer % Correct
332.6 Rhode Island
100%
322.6 Vermont
100%
331.1 Connecticut
90%
307.0 Maine
90%
368.7 Maryland
90%
415.5 Massachusetts
90%
293.5 New Jersey
90%
347.4 New York
90%
302.4 Pennsylvania
60%
No matching quizzes found
Score Distribution
Percent of People with Each Score
Percentile by Number Answered
Your Score History
You have not taken this quiz